Представление документа в формате MARC21

Поле Инд. ПП Название Значение
Тип записи a
Библиографический уровень m
001 Контрольный номер 4025ff0b6d95438f9a960ebd0e8cea1b
005 Дата корректировки 20260629091913.6
020 a ISBN 978-5-9912-0791-1
040 b Код языка каталог. rus
e Правила каталог. PSBO
041 0_ a Код языка текста rus
080 a Индекс УДК 339.16
080 a Индекс УДК 004(075.8)
084 a Индекс другой классификации/Индекс ББК 65.290
084 a Индекс другой классификации/Индекс ББК 32.81я73
090 a Полочн. индекс 65
x Авторский знак Ц 75
097 b Оператор 03
245 10 a Заглавие Цифровая экономика
b Продолж. заглавия учебник для вузов
c Ответственность под ред. И. А. Хасаншина
260 a Место издания Москва
b Издательство Горячая линия-Телеком
c Дата издания 2026
300 a Объем 287 с.
b Иллюстрации/ тип воспроизводства ил.
336 a Термин вида содержания Текст
337 a Термин типа средства непосредственный
510 0_ a Примечание о ссылках Книги и методические пособия
650 04 a Основная рубрика 06.03 Экономические теории
x Основная подрубрика 06.03.15 Теории экономических систем
653 0_ a Ключевые слова цифровая экономика; электронная коммерция; сетевая экономика; цифровизация рынка (экономика); робототехника; виртуальная реальность; цифровизация бизнеса
700 12 a Другие авторы Хасаншин И. А.
700 12 a Другие авторы Кудряшов А. А.
700 12 a Другие авторы Кузьмин Е. В.
700 12 a Другие авторы Крюкова А. А.
900 a Имя электронного ресурса Цифровая экономика (001)
900 a Имя электронного ресурса Цифровая экономика
901 t Тип документа m